[Event "MPJBiS 2020"]
[Site "?"]
[Date "2020.08.30"]
[Round "2.10"]
[White "Derejczyk, Mateusz"]
[Black "Murawski, Milosz"]
[Result "0-1"]
[BlackElo "1280"]
[WhiteElo "1479"]
[LiveChessVersion "1.4.8"]

1. e4 {[%clk 0:03:03]} c5 {[%clk 0:03:03]} 2. Nf3 {[%clk 0:03:03]} d6
{[%clk 0:03:04]} 3. d4 {[%clk 0:03:04]} cxd4 {[%clk 0:03:05]} 4. Nxd4
{[%clk 0:03:05]} Nf6 {[%clk 0:03:06]} 5. Nc3 {[%clk 0:03:06]} a6 {[%clk 0:03:07]}
6. Be2 {[%clk 0:03:05]} e5 {[%clk 0:03:08]} 7. Nb3 {[%clk 0:03:06]} Be6
{[%clk 0:03:09]} 8. O-O {[%clk 0:03:04]} Be7 {[%clk 0:03:09]} 9. Bg5
{[%clk 0:03:02]} O-O {[%clk 0:03:02]} 10. f3 {[%clk 0:02:51]} h6 {[%clk 0:03:01]}
11. Bxf6 {[%clk 0:02:44]} Bxf6 {[%clk 0:03:01]} 12. Nd5 {[%clk 0:02:45]} Bxd5
{[%clk 0:03:01]} 13. Qxd5 {[%clk 0:02:45]} Qc7 {[%clk 0:02:58]} 14. c3
{[%clk 0:02:38]} Nc6 {[%clk 0:02:46]} 15. Rad1 {[%clk 0:02:38]} Rfd8
{[%clk 0:02:46]} 16. Bc4 {[%clk 0:02:21]} b5 {[%clk 0:02:42]} 17. Be2
{[%clk 0:02:19]} Be7 {[%clk 0:02:41]} 18. f4 {[%clk 0:02:11]} Rac8
{[%clk 0:01:47]} 19. fxe5 {[%clk 0:02:08]} dxe5 {[%clk 0:01:42]} 20. Qxf7+
{[%clk 0:02:08]} Kh8 {[%clk 0:01:41]} 21. Rxd8+ {[%clk 0:02:04]} Rxd8
{[%clk 0:01:40]} 22. Rf3 {[%clk 0:01:28]} Kh7 {[%clk 0:01:08]} 23. Rg3
{[%clk 0:01:25]} Bc5+ {[%clk 0:01:07]} 24. Nxc5 {[%clk 0:01:20]} Qxf7
{[%clk 0:01:08]} 25. Bg4 {[%clk 0:01:15]} g6 {[%clk 0:00:56]} 26. Be6
{[%clk 0:01:11]} Rd1# {[%clk 0:00:51]} 0-1

[Event "MPJBiS 2020"]
[Site "?"]
[Date "2020.08.30"]
[Round "2.11"]
[White "Sliz, Karol"]
[Black "Grzebieniowski, Michal"]
[Result "1/2-1/2"]
[BlackElo "1472"]
[WhiteElo "1257"]
[LiveChessVersion "1.4.8"]

1. e4 {[%clk 0:03:03]} c6 {[%clk 0:03:04]} 2. d4 {[%clk 0:03:04]} d5
{[%clk 0:03:05]} 3. exd5 {[%clk 0:03:03]} cxd5 {[%clk 0:03:06]} 4. c4
{[%clk 0:03:04]} Nf6 {[%clk 0:03:06]} 5. Nc3 {[%clk 0:03:04]} e6 {[%clk 0:03:07]}
6. Nf3 {[%clk 0:03:01]} Be7 {[%clk 0:03:08]} 7. cxd5 {[%clk 0:03:01]} Nxd5
{[%clk 0:03:08]} 8. Bd3 {[%clk 0:03:00]} O-O {[%clk 0:03:08]} 9. O-O
{[%clk 0:02:58]} Nc6 {[%clk 0:03:09]} 10. Nxd5 {[%clk 0:02:49]} Qxd5
{[%clk 0:03:06]} 11. Bf4 {[%clk 0:02:36]} Bf6 {[%clk 0:02:56]} 12. Be3
{[%clk 0:02:28]} a6 {[%clk 0:02:44]} 13. Rc1 {[%clk 0:02:26]} b5 {[%clk 0:02:35]}
14. Nd2 {[%clk 0:02:06]} Bb7 {[%clk 0:02:31]} 15. Be4 {[%clk 0:02:02]} Qd7
{[%clk 0:02:30]} 16. Nb3 {[%clk 0:01:40]} Be7 {[%clk 0:02:02]} 17. Nc5
{[%clk 0:01:32]} Bxc5 {[%clk 0:02:02]} 18. Rxc5 {[%clk 0:01:33]} Ne7
{[%clk 0:01:47]} 19. Qf3 {[%clk 0:01:21]} Bxe4 {[%clk 0:01:40]} 20. Qxe4
{[%clk 0:01:21]} Rac8 {[%clk 0:01:35]} 21. Rfc1 {[%clk 0:01:20]} Nd5
{[%clk 0:01:28]} 22. a3 {[%clk 0:01:03]} Nf6 {[%clk 0:00:31]} 23. Qc2
{[%clk 0:01:00]} Rxc5 {[%clk 0:00:29]} 24. Qxc5 {[%clk 0:01:00]} Nd5
{[%clk 0:00:30]} 25. Qc6 {[%clk 0:00:52]} Qxc6 {[%clk 0:00:30]} 26. Rxc6
{[%clk 0:00:53]} Ra8 {[%clk 0:00:30]} 27. Kf1 {[%clk 0:00:44]} Kf8
{[%clk 0:00:31]} 28. Ke2 {[%clk 0:00:45]} Ke7 {[%clk 0:00:32]} 29. Kd3
{[%clk 0:00:36]} Kd7 {[%clk 0:00:32]} 30. Rc2 {[%clk 0:00:34]} Rc8
{[%clk 0:00:32]} 31. Rc5 {[%clk 0:00:27]} Rc6 {[%clk 0:00:32]} 32. b4
{[%clk 0:00:23]} Rc8 {[%clk 0:00:30]} 33. h3 {[%clk 0:00:21]} g6 {[%clk 0:00:30]}
34. g3 {[%clk 0:00:22]} f5 {[%clk 0:00:28]} 35. f3 {[%clk 0:00:17]} h5
{[%clk 0:00:26]} 36. h4 {[%clk 0:00:16]} Rc6 {[%clk 0:00:24]} 37. f4
{[%clk 0:00:17]} Nf6 {[%clk 0:00:14]} 38. Bf2 {[%clk 0:00:13]} Ne4
{[%clk 0:00:15]} 39. Rxc6 {[%clk 0:00:06]} Kxc6 {[%clk 0:00:16]} 40. Be1
{[%clk 0:00:07]} Kd5 {[%clk 0:00:15]} 41. Ke3 {[%clk 0:00:07]} Nd6
{[%clk 0:00:14]} 42. Kd3 {[%clk 0:00:08]} Nc4 {[%clk 0:00:14]} 43. Bc3
{[%clk 0:00:09]} Nxa3 {[%clk 0:00:15]} 44. Bb2 {[%clk 0:00:08]} Nc4
{[%clk 0:00:16]} 45. Bc3 {[%clk 0:00:08]} Nd6 {[%clk 0:00:16]} 46. Bd2
{[%clk 0:00:09]} Ne4 {[%clk 0:00:17]} 47. Be1 {[%clk 0:00:10]} Nf6
{[%clk 0:00:15]} 48. Bd2 {[%clk 0:00:11]} Ne8 {[%clk 0:00:15]} 49. Be1
{[%clk 0:00:12]} Nd6 {[%clk 0:00:14]} 50. Bd2 {[%clk 0:00:13]} Nc4
{[%clk 0:00:15]} 51. Be1 {[%clk 0:00:12]} Nb2+ {[%clk 0:00:16]} 52. Kc2
{[%clk 0:00:10]} Na4 {[%clk 0:00:11]} 53. Kd3 {[%clk 0:00:10]} Nb6
{[%clk 0:00:11]} 54. Bc3 {[%clk 0:00:09]} Nc4 {[%clk 0:00:11]} 55. Be1
{[%clk 0:00:09]} Nd6 {[%clk 0:00:07]} 56. Bc3 {[%clk 0:00:09]} Nf7
{[%clk 0:00:08]} 57. Bb2 {[%clk 0:00:08]} Nd8 {[%clk 0:00:09]} 58. Ba1
{[%clk 0:00:08]} Nc6 {[%clk 0:00:08]} 59. Bc3 {[%clk 0:00:09]} Ne7
{[%clk 0:00:09]} 60. Bb2 {[%clk 0:00:11]} Nc6 {[%clk 0:00:10]} 61. Bc3
{[%clk 0:00:12]} 1/2-1/2

[Event "MPJBiS 2020"]
[Site "?"]
[Date "2020.08.30"]
[Round "3.1"]
[White "Seemann, Jakub"]
[Black "Ugorek, Kacper"]
[Result "1-0"]
[BlackElo "1434"]
[WhiteElo "1811"]
[LiveChessVersion "1.4.8"]

1. e4 c5 2. Nf3 e6 3. d4 d5 4. exd5 exd5 5. Bb5+ Bd7 6. Bxd7+ Nxd7 7. O-O Ngf6 8.
Re1+ Be7 9. dxc5 Nxc5 10. Be3 Ne6 11. Nd4 Nxd4 12. Bxd4 O-O 13. Nd2 b6 14. Nf3
Re8 15. c3 Qc7 16. Be5 Qb7 17. Nd4 Qd7 18. Qd3 Ne4 19. f3 Nc5 20. Qd2 Rad8 21.
Rad1 Bd6 22. Bxd6 Qxd6 23. Nf5 Rxe1+ 24. Rxe1 Qd7 25. Qg5 f6 26. Qg4 Nd3 27. Re7
Re8 28. Qxg7# 1-0

[Event "MPJBiS 2020"]
[Site "?"]
[Date "2020.08.30"]
[Round "3.2"]
[White "Raczek, Krzysztof"]
[Black "Duda, Szymon"]
[Result "1-0"]
[BlackElo "1383"]
[WhiteElo "1720"]
[LiveChessVersion "1.4.8"]

1. d4 {[%clk 0:03:04]} d5 {[%clk 0:03:00]} 2. Bf4 {[%clk 0:03:03]} Nf6
{[%clk 0:03:00]} 3. Nf3 {[%clk 0:03:04]} c5 {[%clk 0:02:57]} 4. c3
{[%clk 0:03:06]} Nc6 {[%clk 0:02:57]} 5. e3 {[%clk 0:03:07]} Bf5 {[%clk 0:02:56]}
6. Bd3 {[%clk 0:03:08]} Bg6 {[%clk 0:02:52]} 7. Ne5 {[%clk 0:02:54]} Bxd3
{[%clk 0:01:50]} 8. Nxc6 {[%clk 0:02:52]} bxc6 {[%clk 0:01:49]} 9. Qxd3
{[%clk 0:02:52]} c4 {[%clk 0:01:42]} 10. Qc2 {[%clk 0:02:51]} e6 {[%clk 0:01:41]}
11. Nd2 {[%clk 0:02:48]} Bd6 {[%clk 0:01:41]} 12. Bxd6 {[%clk 0:02:50]} Qxd6
{[%clk 0:01:40]} 13. e4 {[%clk 0:02:50]} Qe7 {[%clk 0:01:36]} 14. e5
{[%clk 0:02:51]} Nd7 {[%clk 0:01:37]} 15. f4 {[%clk 0:02:48]} Nb6
{[%clk 0:01:37]} 16. O-O {[%clk 0:02:46]} f5 {[%clk 0:01:23]} 17. exf6
{[%clk 0:02:45]} Qxf6 {[%clk 0:01:24]} 18. Rae1 {[%clk 0:02:46]} O-O
{[%clk 0:01:23]} 19. Nf3 {[%clk 0:02:40]} Qxf4 {[%clk 0:00:25]} 20. Ne5
{[%clk 0:02:37]} Qh6 {[%clk 0:00:14]} 21. Nxc6 {[%clk 0:02:35]} a6
{[%clk 0:00:10]} 22. Qe2 {[%clk 0:02:28]} Rae8 {[%clk 0:00:05]} 23. Rxf8+
{[%clk 0:02:27]} Kxf8 {[%clk 0:00:07]} 24. Rf1+ {[%clk 0:02:25]} Kg8
{[%clk 0:00:08]} 25. Qf2 {[%clk 0:02:24]} Qg6 {[%clk 0:00:09]} 26. Qf8+
{[%clk 0:02:23]} 1-0

[Event "MPJBiS 2020"]
[Site "?"]
[Date "2020.08.30"]
[Round "3.3"]
[White "Sniadecki, Oskar"]
[Black "Warchol, Kamil"]
[Result "0-1"]
[BlackElo "1690"]
[WhiteElo "1423"]
[LiveChessVersion "1.4.8"]

1. d4 {[%clk 0:03:03]} d5 {[%clk 0:03:03]} 2. Nf3 {[%clk 0:03:03]} e6
{[%clk 0:03:01]} 3. Bf4 {[%clk 0:03:04]} Nf6 {[%clk 0:03:01]} 4. Nbd2
{[%clk 0:03:02]} Be7 {[%clk 0:03:00]} 5. e3 {[%clk 0:03:02]} c5 {[%clk 0:02:57]}
6. c3 {[%clk 0:03:02]} Nc6 {[%clk 0:02:57]} 7. Bb5 {[%clk 0:03:03]} O-O
{[%clk 0:02:56]} 8. Bxc6 {[%clk 0:03:03]} bxc6 {[%clk 0:02:56]} 9. Ne5
{[%clk 0:03:04]} Qb6 {[%clk 0:02:52]} 10. Qc2 {[%clk 0:03:00]} Ba6
{[%clk 0:02:42]} 11. Bg5 {[%clk 0:02:54]} Rfd8 {[%clk 0:02:30]} 12. Ndf3
{[%clk 0:02:14]} Rab8 {[%clk 0:02:27]} 13. b3 {[%clk 0:02:08]} cxd4
{[%clk 0:02:20]} 14. exd4 {[%clk 0:02:06]} c5 {[%clk 0:02:19]} 15. Bxf6
{[%clk 0:01:44]} Bxf6 {[%clk 0:02:16]} 16. Rc1 {[%clk 0:01:35]} cxd4
{[%clk 0:01:48]} 17. cxd4 {[%clk 0:01:32]} Rbc8 {[%clk 0:01:48]} 18. Qd2
{[%clk 0:01:33]} Rxc1+ {[%clk 0:01:38]} 19. Qxc1 {[%clk 0:01:34]} Qb5
{[%clk 0:01:34]} 20. Qd2 {[%clk 0:01:29]} Be7 {[%clk 0:01:26]} 21. Qb2
{[%clk 0:00:55]} Rc8 {[%clk 0:01:15]} 22. a4 {[%clk 0:00:55]} Qa5+
{[%clk 0:01:03]} 23. Kd1 {[%clk 0:00:52]} Qb4 {[%clk 0:00:46]} 24. Ne1
{[%clk 0:00:36]} Rc3 {[%clk 0:00:27]} 25. N1d3 {[%clk 0:00:28]} Bxd3
{[%clk 0:00:26]} 26. Nxd3 {[%clk 0:00:28]} Rxd3+ 27. Kc2 Rd2+ {[%clk 0:00:28]}
28. Kb1 {[%clk 0:00:31]} Rxb2+ {[%clk 0:00:28]} 29. Kxb2 {[%clk 0:00:32]} Bf6
{[%clk 0:00:30]} 30. Rc1 {[%clk 0:00:30]} g6 {[%clk 0:00:31]} 31. f4
{[%clk 0:00:30]} Bxd4+ {[%clk 0:00:32]} 32. Ka2 {[%clk 0:00:32]} Qd2+
{[%clk 0:00:32]} 33. Rc2 {[%clk 0:00:32]} Qxc2+ {[%clk 0:00:32]} 34. Ka3
{[%clk 0:00:33]} Bc5+ {[%clk 0:00:33]} 35. b4 {[%clk 0:00:33]} Qc3+
{[%clk 0:00:32]} 36. Ka2 {[%clk 0:00:34]} Bd4 {[%clk 0:00:33]} 37. b5
{[%clk 0:00:34]} Qb2# {[%clk 0:00:34]} 0-1

[Event "MPJBiS 2020"]
[Site "?"]
[Date "2020.08.30"]
[Round "3.4"]
[White "Grot, Blazej"]
[Black "Komendecki, Antoni"]
[Result "1/2-1/2"]
[BlackElo "1366"]
[WhiteElo "1557"]
[LiveChessVersion "1.4.8"]

1. e4 {[%clk 0:03:03]} c5 {[%clk 0:03:03]} 2. Nf3 {[%clk 0:03:03]} g6
{[%clk 0:03:03]} 3. d4 {[%clk 0:03:04]} cxd4 {[%clk 0:03:03]} 4. Nxd4
{[%clk 0:03:06]} Bg7 {[%clk 0:03:04]} 5. c4 {[%clk 0:03:07]} Nc6 {[%clk 0:03:03]}
6. Be3 {[%clk 0:03:07]} Nf6 {[%clk 0:03:04]} 7. Nc3 {[%clk 0:03:08]} d6
{[%clk 0:03:04]} 8. Be2 {[%clk 0:03:02]} O-O {[%clk 0:02:59]} 9. O-O
{[%clk 0:03:02]} Bd7 {[%clk 0:02:53]} 10. Rc1 {[%clk 0:03:01]} Nxd4
{[%clk 0:02:50]} 11. Bxd4 {[%clk 0:03:01]} Bc6 {[%clk 0:02:50]} 12. Qd3
{[%clk 0:02:57]} a5 {[%clk 0:02:46]} 13. b3 {[%clk 0:02:44]} Nd7 {[%clk 0:02:43]}
14. Bxg7 {[%clk 0:02:44]} Kxg7 {[%clk 0:02:43]} 15. f4 {[%clk 0:02:33]} Qb6+
{[%clk 0:02:09]} 16. Kh1 {[%clk 0:02:34]} Nc5 {[%clk 0:02:04]} 17. Qd4+
{[%clk 0:02:28]} f6 {[%clk 0:02:03]} 18. f5 {[%clk 0:02:16]} Nd7 {[%clk 0:01:45]}
19. Qd2 {[%clk 0:02:07]} Rae8 {[%clk 0:01:22]} 20. Rcd1 {[%clk 0:01:39]} Nc5
{[%clk 0:01:21]} 21. Qf4 {[%clk 0:01:33]} a4 {[%clk 0:01:09]} 22. bxa4
{[%clk 0:01:09]} Nxa4 {[%clk 0:01:10]} 23. Nxa4 {[%clk 0:01:10]} Bxa4 24. Rb1
{[%clk 0:01:09]} Qc6 {[%clk 0:01:02]} 25. Bd3 {[%clk 0:00:44]} Qc7
{[%clk 0:00:44]} 26. Qg3 {[%clk 0:00:40]} Bc6 {[%clk 0:00:44]} 27. fxg6
{[%clk 0:00:36]} hxg6 {[%clk 0:00:45]} 28. e5 {[%clk 0:00:36]} f5
{[%clk 0:00:32]} 29. Bxf5 {[%clk 0:00:30]} Rxf5 {[%clk 0:00:33]} 30. Rxf5
{[%clk 0:00:31]} Be4 {[%clk 0:00:34]} 31. Rff1 {[%clk 0:00:16]} Bxb1
{[%clk 0:00:35]} 32. Rxb1 {[%clk 0:00:17]} dxe5 {[%clk 0:00:34]} 33. h4
{[%clk 0:00:18]} Qxc4 {[%clk 0:00:27]} 34. Qxe5+ {[%clk 0:00:18]} Kh7
{[%clk 0:00:23]} 35. Qg5 {[%clk 0:00:18]} Qe4 {[%clk 0:00:22]} 36. Rf1
{[%clk 0:00:16]} Rg8 1/2-1/2

[Event "MPJBiS 2020"]
[Site "?"]
[Date "2020.08.30"]
[Round "3.5"]
[White "Wilgosz, Szczepan"]
[Black "Dobosiewicz, Dawid"]
[Result "0-1"]
[BlackElo "1469"]
[WhiteElo "1317"]
[LiveChessVersion "1.4.8"]

1. e4 c5 2. Nc3 Nc6 3. f4 e6 4. Nf3 d5 5. exd5 exd5 6. Bb5 Nge7 7. O-O a6 8.
Bxc6+ Nxc6 9. Re1+ Be7 10. d4 cxd4 11. Nxd4 O-O 12. Nxc6 bxc6 13. Kh1 Bf6 14. Bd2
Rb8 15. b3 Re8 16. Qf3 Bf5 17. Rxe8+ Qxe8 18. Re1 Qd7 19. Qd1 Re8 20. Na4 Rxe1+
21. Bxe1 h6 22. Bc3 d4 23. Bb4 Qd5 24. Qe2 d3 25. cxd3 Bxd3 26. Qd2 Bb5 27. Qxd5
cxd5 28. Nc5 d4 29. Kg1 d3 30. Bd2 Bd4+ 0-1

[Event "MPJBiS 2020"]
[Site "?"]
[Date "2020.08.30"]
[Round "3.6"]
[White "Zieba, Hubert"]
[Black "Micula, Jakub"]
[Result "1/2-1/2"]
[BlackElo "1268"]
[WhiteElo "1466"]
[LiveChessVersion "1.4.8"]

1. c4 {[%clk 0:03:03]} Nf6 {[%clk 0:03:03]} 2. Nf3 {[%clk 0:03:05]} g6
{[%clk 0:03:02]} 3. g3 {[%clk 0:03:06]} Bg7 {[%clk 0:03:03]} 4. Bg2
{[%clk 0:03:07]} O-O {[%clk 0:03:04]} 5. O-O c5 6. Nc3 {[%clk 0:03:08]} Nc6
{[%clk 0:03:06]} 7. d4 {[%clk 0:03:09]} cxd4 {[%clk 0:03:06]} 8. Nxd4
{[%clk 0:03:10]} d6 {[%clk 0:02:56]} 9. Nc2 {[%clk 0:03:11]} Bd7 {[%clk 0:02:53]}
10. b3 {[%clk 0:03:12]} a6 {[%clk 0:02:40]} 11. Bb2 {[%clk 0:03:12]} Qc7
{[%clk 0:02:33]} 12. Ne3 {[%clk 0:03:13]} e6 {[%clk 0:02:26]} 13. Qd2
{[%clk 0:03:11]} Rad8 {[%clk 0:02:12]} 14. Rfd1 {[%clk 0:03:07]} Bc8
{[%clk 0:02:14]} 15. Ne4 {[%clk 0:03:04]} Nxe4 {[%clk 0:02:08]} 16. Bxe4
{[%clk 0:03:04]} b6 17. Bxg7 {[%clk 0:03:03]} Kxg7 {[%clk 0:02:05]} 18. Nc2
{[%clk 0:02:59]} Bb7 19. Bg2 {[%clk 0:02:54]} Ne7 {[%clk 0:02:00]} 20. Bxb7
{[%clk 0:02:54]} Qxb7 {[%clk 0:02:01]} 21. Nd4 {[%clk 0:02:47]} d5
{[%clk 0:01:57]} 22. cxd5 {[%clk 0:02:44]} Nxd5 {[%clk 0:01:57]} 23. Qb2
{[%clk 0:02:39]} Kg8 {[%clk 0:01:55]} 24. Rac1 {[%clk 0:02:37]} Rc8
{[%clk 0:01:48]} 25. Nf3 {[%clk 0:02:34]} Rc7 {[%clk 0:01:44]} 26. Rxc7
{[%clk 0:02:29]} Qxc7 {[%clk 0:01:45]} 27. Rc1 {[%clk 0:02:30]} Qd6
{[%clk 0:01:45]} 28. Ne5 {[%clk 0:02:22]} Ne7 {[%clk 0:01:41]} 29. Ng4
{[%clk 0:02:13]} e5 {[%clk 0:01:20]} 30. Qxe5 {[%clk 0:02:09]} Qxe5
{[%clk 0:01:19]} 31. Nxe5 {[%clk 0:02:09]} Rc8 {[%clk 0:01:17]} 32. Rxc8+
{[%clk 0:02:10]} Nxc8 {[%clk 0:01:18]} 33. Nc6 {[%clk 0:02:10]} Kf8
{[%clk 0:01:18]} 34. e3 {[%clk 0:02:07]} Ke8 {[%clk 0:01:19]} 35. Kf1
{[%clk 0:02:07]} Kd7 {[%clk 0:01:21]} 36. Ne5+ {[%clk 0:02:08]} Ke6
{[%clk 0:01:22]} 37. Nc6 {[%clk 0:02:06]} Nd6 {[%clk 0:01:21]} 38. Ke2
{[%clk 0:02:01]} Nb5 {[%clk 0:01:22]} 39. Nd4+ {[%clk 0:01:59]} Nxd4+
{[%clk 0:01:22]} 40. exd4 {[%clk 0:02:00]} Kd5 {[%clk 0:01:22]} 41. Kd3
{[%clk 0:02:01]} b5 {[%clk 0:01:23]} 42. b4 {[%clk 0:02:02]} h6 {[%clk 0:01:23]}
43. f3 {[%clk 0:02:02]} f5 {[%clk 0:01:24]} 44. f4 {[%clk 0:02:01]} g5
{[%clk 0:01:24]} 45. h4 {[%clk 0:02:01]} g4 {[%clk 0:01:16]} 46. h5
{[%clk 0:01:48]} Kd6 {[%clk 0:01:16]} 47. Kc3 {[%clk 0:01:43]} Kd5
{[%clk 0:01:17]} 48. Kd3 {[%clk 0:01:43]} Kd6 1/2-1/2

[Event "MPJBiS 2020"]
[Site "?"]
[Date "2020.08.30"]
[Round "3.7"]
[White "Murawski, Milosz"]
[Black "Rosa, Antoni"]
[Result "0-1"]
[BlackElo "1445"]
[WhiteElo "1280"]
[LiveChessVersion "1.4.8"]

1. d4 d5 2. Bf4 Nf6 3. e3 e6 4. Nf3 Be7 5. Be2 O-O 6. O-O Nbd7 7. c4 b6 8. Nc3
Bb7 9. cxd5 Nxd5 10. Nxd5 Bxd5 11. a3 Bd6 12. Bxd6 cxd6 13. Rc1 Nf6 14. Nd2 Qe7
15. Bf3 Bxf3 16. Nxf3 Rac8 17. Qd3 Qd7 18. h3 h6 19. b4 Nd5 20. e4 Nf4 21. Qe3
Ng6 22. Rfd1 Rxc1 23. Rxc1 Rc8 24. Qd2 Ne7 25. Rc2 Rxc2 26. Qxc2 Qc6 27. Qxc6
Nxc6 28. Kf1 Kf8 29. Ke2 Ke7 30. Kd3 a6 31. Nd2 b5 32. f4 e5 33. fxe5 dxe5 34. d5
Nd4 35. Nf3 Nxf3 36. gxf3 g5 37. Ke3 h5 38. Kf2 h4 39. Ke3 Kd6 40. Kd3 Kc7 41.
Kc3 Kb6 42. Kb3 Kc7 43. a4 Kd6 44. Kb2 f5 45. axb5 axb5 46. Kc2 fxe4 47. fxe4 g4
48. Kd2 gxh3 49. Ke2 h2 50. Kf2 h1=Q 51. Ke3 Qh3+ 52. Kf2 Qh2+ 53. Kf3 Qg3+ 54.
Ke2 h3 55. Kd2 h2 56. Kc2 h1=R 57. Kb2 Rh2+ 58. Kc1 Qe1# 0-1

[Event "MPJBiS 2020"]
[Site "?"]
[Date "2020.08.30"]
[Round "3.8"]
[White "Nawalaniec, Adam"]
[Black "Hryniewicz, Maciej"]
[Result "1-0"]
[BlackElo "1220"]
[WhiteElo "1444"]
[LiveChessVersion "1.4.8"]

1. e4 {[%clk 0:03:03]} c5 {[%clk 0:03:03]} 2. c3 {[%clk 0:03:04]} e5
{[%clk 0:03:02]} 3. Bc4 {[%clk 0:03:01]} Nc6 {[%clk 0:02:58]} 4. Nf3
{[%clk 0:03:01]} Be7 {[%clk 0:02:53]} 5. d4 {[%clk 0:02:58]} cxd4
{[%clk 0:02:53]} 6. cxd4 {[%clk 0:02:59]} exd4 {[%clk 0:02:39]} 7. Nxd4
{[%clk 0:02:59]} d6 {[%clk 0:02:41]} 8. O-O {[%clk 0:02:38]} Nf6 {[%clk 0:02:41]}
9. Nc3 {[%clk 0:02:16]} O-O {[%clk 0:02:37]} 10. Be3 {[%clk 0:02:07]} Ne5
{[%clk 0:02:12]} 11. Bb3 {[%clk 0:01:44]} a6 {[%clk 0:02:11]} 12. f4
{[%clk 0:01:41]} Nc6 {[%clk 0:02:10]} 13. Bd5 {[%clk 0:01:21]} Nxd5
{[%clk 0:01:59]} 14. Nxd5 {[%clk 0:01:22]} Be6 {[%clk 0:01:54]} 15. Nc3
{[%clk 0:01:10]} b5 {[%clk 0:01:39]} 16. a3 {[%clk 0:01:08]} Rc8 {[%clk 0:01:35]}
17. Qd2 {[%clk 0:00:53]} Bf6 {[%clk 0:01:23]} 18. f5 {[%clk 0:00:36]} Bd7
{[%clk 0:01:05]} 19. Nd5 {[%clk 0:00:31]} Bxd4 {[%clk 0:01:03]} 20. Bxd4
{[%clk 0:00:33]} Qh4 {[%clk 0:00:52]} 21. Rf4 {[%clk 0:00:27]} Qg5
{[%clk 0:00:44]} 22. h4 {[%clk 0:00:23]} Qh6 {[%clk 0:00:38]} 23. Rd1
{[%clk 0:00:25]} Nxd4 24. Qxd4 Bc6 {[%clk 0:00:27]} 25. Ne7+ {[%clk 0:00:27]} Kh8
{[%clk 0:00:26]} 26. Nxc8 {[%clk 0:00:26]} Qxf4 {[%clk 0:00:27]} 27. Nxd6
{[%clk 0:00:27]} Rd8 {[%clk 0:00:24]} 28. Nxf7+ {[%clk 0:00:27]} Kg8
{[%clk 0:00:23]} 29. Nxd8 {[%clk 0:00:23]} Bxe4 {[%clk 0:00:17]} 30. Ne6
{[%clk 0:00:22]} Qg4 {[%clk 0:00:10]} 31. Qd8+ {[%clk 0:00:23]} Kf7
{[%clk 0:00:11]} 32. Rd7# {[%clk 0:00:24]} 1-0

[Event "MPJBiS 2020"]
[Site "?"]
[Date "2020.08.30"]
[Round "3.9"]
[White "Maj, Samuel"]
[Black "Zielonka, Adam"]
[Result "1/2-1/2"]
[BlackElo "1438"]
[WhiteElo "1347"]
[LiveChessVersion "1.4.8"]

1. d4 {[%clk 0:03:03]} Nf6 {[%clk 0:03:02]} 2. c4 {[%clk 0:03:04]} c5
{[%clk 0:03:01]} 3. d5 {[%clk 0:03:05]} e6 {[%clk 0:03:02]} 4. Nc3
{[%clk 0:03:06]} exd5 {[%clk 0:03:03]} 5. cxd5 {[%clk 0:03:07]} d6
{[%clk 0:03:04]} 6. e4 {[%clk 0:03:07]} g6 {[%clk 0:03:05]} 7. h3
{[%clk 0:03:07]} Bg7 {[%clk 0:03:05]} 8. Nf3 {[%clk 0:03:08]} O-O
{[%clk 0:03:04]} 9. Bd3 {[%clk 0:03:10]} Re8 {[%clk 0:03:03]} 10. O-O
{[%clk 0:03:08]} a6 {[%clk 0:03:00]} 11. a4 {[%clk 0:03:10]} Nbd7
{[%clk 0:03:00]} 12. Bf4 {[%clk 0:02:56]} Qe7 {[%clk 0:02:56]} 13. Re1
{[%clk 0:02:49]} Nh5 {[%clk 0:02:51]} 14. Bh2 {[%clk 0:02:39]} Ne5
{[%clk 0:02:48]} 15. Nxe5 {[%clk 0:02:22]} Bxe5 {[%clk 0:02:48]} 16. Bxe5
{[%clk 0:02:17]} Qxe5 {[%clk 0:02:47]} 17. Qf3 {[%clk 0:02:14]} Qf4
{[%clk 0:02:30]} 18. Re3 {[%clk 0:02:00]} Qxf3 {[%clk 0:02:21]} 19. Rxf3
{[%clk 0:02:01]} Bd7 {[%clk 0:02:13]} 20. a5 {[%clk 0:01:57]} Rad8
{[%clk 0:02:07]} 21. Na4 {[%clk 0:01:47]} Bxa4 {[%clk 0:02:07]} 22. Rxa4
{[%clk 0:01:47]} Ng7 {[%clk 0:02:00]} 23. Kh2 {[%clk 0:01:33]} Re7
{[%clk 0:01:42]} 24. Bb1 {[%clk 0:01:17]} Ne8 {[%clk 0:01:33]} 25. Raa3
{[%clk 0:01:08]} Nc7 {[%clk 0:01:29]} 26. Bd3 {[%clk 0:01:01]} Nb5
{[%clk 0:01:24]} 27. Bxb5 {[%clk 0:00:57]} axb5 {[%clk 0:01:25]} 28. Rfe3
{[%clk 0:00:53]} b4 {[%clk 0:01:23]} 29. Ra4 {[%clk 0:00:49]} Rde8
{[%clk 0:01:21]} 30. f3 {[%clk 0:00:45]} f5 {[%clk 0:01:17]} 31. a6
{[%clk 0:00:44]} bxa6 {[%clk 0:01:15]} 32. Rxa6 {[%clk 0:00:45]} 1/2-1/2

[Event "MPJBiS 2020"]
[Site "?"]
[Date "2020.08.30"]
[Round "3.10"]
[White "Borowik, Wojciech"]
[Black "Suchocki, Jan"]
[Result "1/2-1/2"]
[BlackElo "1084"]
[WhiteElo "1436"]
[LiveChessVersion "1.4.8"]

1. d4 {[%clk 0:03:03]} e6 {[%clk 0:03:04]} 2. c4 {[%clk 0:03:03]} d5
{[%clk 0:03:05]} 3. Nc3 {[%clk 0:03:04]} Nf6 {[%clk 0:03:06]} 4. Bg5
{[%clk 0:03:05]} Be7 {[%clk 0:03:07]} 5. e3 {[%clk 0:03:05]} O-O {[%clk 0:03:06]}
6. Nf3 {[%clk 0:03:05]} h6 {[%clk 0:03:07]} 7. Bh4 {[%clk 0:03:05]} Nc6
{[%clk 0:03:06]} 8. cxd5 {[%clk 0:02:59]} Nxd5 {[%clk 0:03:05]} 9. Bxe7
{[%clk 0:02:57]} Qxe7 {[%clk 0:02:59]} 10. Bc4 {[%clk 0:02:52]} Nxc3
{[%clk 0:02:51]} 11. bxc3 {[%clk 0:02:48]} b6 {[%clk 0:02:27]} 12. O-O
{[%clk 0:02:43]} Bb7 {[%clk 0:02:28]} 13. e4 {[%clk 0:02:31]} Rfd8
{[%clk 0:02:11]} 14. Qc2 {[%clk 0:02:31]} Na5 {[%clk 0:02:04]} 15. Be2
{[%clk 0:02:21]} c5 {[%clk 0:01:55]} 16. Rac1 {[%clk 0:01:56]} Rac8
{[%clk 0:01:47]} 17. Qb1 {[%clk 0:01:57]} Nc6 {[%clk 0:01:30]} 18. Rfd1
{[%clk 0:01:45]} Rd7 {[%clk 0:01:15]} 19. Bb5 {[%clk 0:01:33]} Rdd8
{[%clk 0:00:57]} 20. d5 {[%clk 0:00:48]} exd5 {[%clk 0:00:50]} 21. exd5
{[%clk 0:00:49]} Ne5 {[%clk 0:00:48]} 22. Nxe5 {[%clk 0:00:39]} Qxe5
{[%clk 0:00:49]} 23. c4 {[%clk 0:00:39]} Qd6 {[%clk 0:00:45]} 24. Ba4
{[%clk 0:00:34]} Rc7 {[%clk 0:00:31]} 25. Re1 {[%clk 0:00:35]} Re7
{[%clk 0:00:32]} 26. Rxe7 {[%clk 0:00:36]} Qxe7 {[%clk 0:00:33]} 27. Re1
{[%clk 0:00:37]} Qd6 {[%clk 0:00:34]} 28. Re4 {[%clk 0:00:30]} Bc8
{[%clk 0:00:19]} 29. Qe1 {[%clk 0:00:27]} Bd7 {[%clk 0:00:05]} 30. Bxd7
{[%clk 0:00:25]} Qxd7 {[%clk 0:00:06]} 31. Re7 {[%clk 0:00:25]} Qa4
{[%clk 0:00:04]} 32. Qe2 {[%clk 0:00:23]} a6 {[%clk 0:00:03]} 33. Re3
{[%clk 0:00:22]} b5 {[%clk 0:00:05]} 34. cxb5 {[%clk 0:00:19]} Qxb5
{[%clk 0:00:06]} 35. Qxb5 {[%clk 0:00:10]} axb5 {[%clk 0:00:07]} 36. Rd3
{[%clk 0:00:10]} c4 {[%clk 0:00:08]} 37. Rd1 {[%clk 0:00:10]} Rd6
{[%clk 0:00:08]} 38. Kf1 {[%clk 0:00:10]} Kf8 {[%clk 0:00:08]} 39. f3
{[%clk 0:00:08]} Ke7 {[%clk 0:00:09]} 40. Ke2 {[%clk 0:00:09]} Ra6
{[%clk 0:00:11]} 41. Rd2 {[%clk 0:00:09]} Kd6 {[%clk 0:00:12]} 42. Rb2
{[%clk 0:00:07]} Ra5 {[%clk 0:00:09]} 43. Rd2 {[%clk 0:00:06]} b4
{[%clk 0:00:08]} 44. Rb2 {[%clk 0:00:05]} 1/2-1/2